| 000 | 00650nam a2200217Ia 4500 | ||
|---|---|---|---|
| 005 | 20241129110016.0 | ||
| 008 | 241129s9999||||xx |||||||||||||| ||und|| | ||
| 020 | _a978-1-7936-2315-7 | ||
| 037 | _aTB | ||
| 040 |
_aARTS _beng _cARTS |
||
| 041 |
_aeng _2eng |
||
| 084 |
_aR6 R3 _qARTS |
||
| 100 |
_aJain Pankaj Ed.; Long Jeffery D. Ed. _9726841 |
||
| 245 | 0 |
_aIndian and western philosophical concepts in religion _cJain Pankaj Ed.; Long Jeffery D. Ed. |
|
| 260 |
_aMaryland _bLanham Lexington Books _c2022 |
||
| 300 | _avi,155p. | ||
| 365 |
_aUKP _b73 |
||
| 650 | _aIndian Philosophy | ||
| 942 |
_cTB _hR6 R3 |
||
| 999 |
_c1226974 _d1226974 |
||